[Event "NRW Holiday U16"]
[Site "Wewelsburg"]
[Date "2003.09.10"]
[Round "6"]
[White "Bach, Jan Thies"]
[Black "Heuchel, Oliver"]
[Result "1-0"]
[WhiteElo "1493"]
[BlackElo "983"]
[PlyCount "61"]
[EventDate "2003.09.??"]
[EventType "swiss"]
[EventRounds "7"]
[EventCountry "GER"]
[SourceTitle "EXT 2005"]
[Source "ChessBase"]
[SourceDate "2004.11.15"]
[SourceVersion "1"]
[SourceVersionDate "2004.11.15"]
[SourceQuality "1"]

1. e4 e5 2. Nf3 Nc6 3. Bb5 Nf6 4. d3 Bc5 5. 0-0 d6 6. Be3 Bxe3 7. fxe3 Bd7 8. Nbd2 0-0 9. Qe1 a6 10. Bxc6 Bxc6 11. Qh4 h6 12. h3 Qd7 13. g4 Nh7 14. Rf2 Qe6 15. Nf1 g5 16. Qg3 Rad8 17. h4 d5 18. exd5 Bxd5 19. e4 Bxa2 20. hxg5 hxg5 21. Qh3 c5 22. Rh2 Qg6 23. Rxa2 f6 24. Ng3 Rfe8 25. Nf5 Qf7 26. Nh6+ Kg7 27. Nxf7 Kxf7 28. Qxh7+ Kf8 29. Qh6+ Ke7 30. Nxg5 fxg5 31. Qxg5+ 1-0

[Event "Suedwestfalen-ch U16"]
[Site "Hagen"]
[Date "2002.03.26"]
[Round "6"]
[White "Das Neves, David"]
[Black "Bach, Jan Thies"]
[Result "1-0"]
[WhiteElo "1564"]
[BlackElo "1323"]
[PlyCount "71"]
[EventDate "2002.03.??"]
[EventType "tourn"]
[EventRounds "7"]
[EventCountry "GER"]
[SourceTitle "EXT 2003"]
[Source "ChessBase"]
[SourceDate "2002.11.25"]
[SourceVersion "1"]
[SourceVersionDate "2002.11.25"]
[SourceQuality "1"]

1. e4 c5 2. Nf3 Nc6 3. d4 cxd4 4. Nxd4 Nf6 5. Nc3 e5 6. Ndb5 d6 7. Bg5 a6 8. Na3 b5 9. Nd5 Be6 10. Bxf6 gxf6 11. c3 f5 12. Bd3 f4 13. g3 fxg3 14. fxg3 Bh6 15. Qh5 Qg5 16. Qxg5 Bxg5 17. Nc7+ Kd7 18. Nxa8 Rxa8 19. Nc2 Rg8 20. Rd1 h5 21. Kf2 h4 22. b3 Bh3 23. Bf1 hxg3+ 24. hxg3 Bg4 25. Be2 Be6 26. Rh7 Ke8 27. Rxd6 Nb8 28. Bh5 Ke7 29. Rxe6+ Kxe6 30. Bxf7+ Ke7 31. Bxg8+ Kf8 32. Rh5 Kxg8 33. Rxg5+ Kf7 34. Rxe5 Nd7 35. Rf5+ Kg6 36. Ke3 1-0